| 000 | 01971nam a2200481Ii 4500 | ||
|---|---|---|---|
| 001 | DIGBOSCH0328 | ||
| 003 | NyNyDIG | ||
| 006 | m o d | ||
| 007 | cr ||||||||||| | ||
| 008 | 230411s2022 sp ob 000 0 por d | ||
| 035 | _a(OCoLC)1347697064 | ||
| 040 |
_aDGITA _beng _erda _epn _cDGITA |
||
| 020 |
_a9788419045454 _qdigital |
||
| 020 |
_z9788419045447 _qpapel |
||
| 043 | _ae------ | ||
| 050 | 1 | 4 | _aKJC5183 ebook |
| 100 | 1 |
_aTomás-Valiente Lanuza, Carmen, _eauthor. |
|
| 245 | 1 | 0 |
_aPrincipios y garantías penales y procesales en la doctrina de la CIDH y el TEDH / _cJavier Llobet Rodríguez, Luis Ramón Ruiz Rodríguez, coordinadores ; autores, Carmen Tomás-Valiente Lanuza [y otros once] |
| 264 | 1 |
_aBarcelona : _bJ.M. Bosch Editor, _c2022. |
|
| 300 | _a1 online resource. | ||
| 336 |
_atext _btxt _2rdacontent |
||
| 337 |
_acomputer _bc _2rdamedia |
||
| 338 |
_aonline resource _bcr _2rdacarrier |
||
| 347 |
_atext file _2rdaft |
||
| 347 | _bPDF | ||
| 490 | 1 | _aColección "Penalcrim" | |
| 500 | _a"EJC, Editorial Jurídica Continental"--Cover. | ||
| 504 | _aIncludes bibliographical references. | ||
| 588 | 0 | _aOnline resource; title from PDF title page (Digitalia, viewed April 11, 2023) | |
| 650 | 0 | _aDue process of law. | |
| 610 | 2 | 0 | _aEuropean Court of Human Rights. |
| 650 | 0 | _aFair trial. | |
| 650 | 0 | _aHuman rights. | |
| 650 | 0 | _aInter-American Court of Human Rights. | |
| 700 | 1 |
_aLlobet Rodríguez, Javier, _eeditor. |
|
| 700 | 1 |
_aRuiz Rodríguez, Luis Ramón, _eeditor. |
|
| 791 | 2 |
_aDigitalia (Firm), _edistributor. |
|
| 793 | 0 |
_gDigitalia eBook Collection: _aBosch Editor |
|
| 776 | 0 | 8 |
_iPrint version: _aTomás-Valiente Lanuza, Carmen. _tPrincipios y garantías penales y procesales en la doctrina de la CIDH y el TEDH. _dBarcelona : J.M. Bosch Editor, 2022 _z9788419045447 |
| 856 | 4 | 0 |
_3Digitalia Hispánica _uhttps://www.digitaliapublishing.com/a/119138/ |
| 910 | _aPremium collection: 2023 | ||
| 942 | _cRAA | ||
| 999 |
_c275932 _d275932 |
||